| 000 | 00733nam a2200217Ia 4500 | ||
|---|---|---|---|
| 005 | 20221122151244.0 | ||
| 008 | 210716s2009 xx 000 0 und d | ||
| 020 | _a978007529069 | ||
| 040 | _cAIMIT LIBRARY | ||
| 041 | _aeng | ||
| 082 |
_a621.395 _21 _bGIVD |
||
| 100 |
_aGivone, Donald D. _963205 |
||
| 245 |
_aDigital principles and design / _cBy Donald D Givone. |
||
| 250 | _a1st ed. | ||
| 260 |
_aNew Delhi : _bTata McGraw Hill Publishing Company Ltd , _c2009. |
||
| 300 |
_axviii,702p. ; _c23.5 cm. |
||
| 650 |
_aNumber systems arithmetic and codes _963206 |
||
| 650 |
_aBooleam algebra and combinational networks _963207 |
||
| 650 |
_aSimplification of boolean expressions _963208 |
||
| 942 |
_2ddc _cBK _e1st _k621.395 GIVD |
||
| 999 |
_c190713 _d190713 |
||